000 00442nam a2200157 i 4500
001 84270
003 ES-MaACL
005 20230906175002.0
007 t|
008 041122s1916 fr ||||1| fre d
100 1 _aJammes, Francis.
_965987
245 1 0 _aCinq prières pour le temps de la guerre /
_cFrancis Jammes.
260 _aParis :
_bLibrairie de l'Art Catholique,
_c[1916]
300 _a61 p. ;
_c15 cm.
852 _aES-MaACL
_j1484-F-5
999 _c84270
_d84270